000 00643nam a22002417a 4500
003 UA-OsUOA
001 73612
007 ta
008 20110314b un ||||| |||| 00| 0 ukr d
100 _aВишневский А.
090 _a004.65
_bВ55
942 _cBK
040 _aUA-OsUOA
_brus
_cUA-OsUOA
_dUA-OsUOA
245 _aMicrosoft SQL Server
_bЭфективная работа
300 _a541 с.
955 _a2
041 _arus
080 _a004.65
020 _a978-388-00300-3
260 _aСПб
_bПитер
_c2009
650 7 _a00 Загальні питання науки і культури
_2UDC
999 _c359899
_d359899